[Event "ODJM B 2025"]
[Site "Willingen GER"]
[Date "2025.06.10"]
[Round "4"]
[White "Classen, Miguel"]
[Black "Schmidt, Marieke"]
[Result "1-0"]
[Termination "normal"]
[Board "65"]
[WhiteElo "1574"]
[BlackElo "1726"]
[WhiteClock "00:43:15"]
[BlackClock "00:25:32"]
[PlyCount "97"]
[WhiteFideId "34623825"]
[BlackFideId "533007497"]
[EventCountry "GER"]
[EventRounds "9"]
[EventType "swiss"]
[EventDate "2025.06.07"]

1. e4 {[%clk 01:30:57]} {[%emt 00:00:03]} d5 {[%clk 01:30:56]} {[%emt
00:00:04]} 2. exd5 {[%clk 01:31:25]} {[%emt 00:00:03]} Nf6 {[%clk 01:31:23]}
{[%emt 00:00:03]} 3. d4 {[%clk 01:31:50]} {[%emt 00:00:04]} Nxd5 {[%clk
01:31:49]} {[%emt 00:00:05]} 4. Nf3 {[%clk 01:31:39]} {[%emt 00:00:41]} g6
{[%clk 01:28:49]} {[%emt 00:03:30]} 5. c4 {[%clk 01:31:32]} {[%emt 00:00:36]}
Nb6 {[%clk 01:29:11]} {[%emt 00:00:08]} 6. Nc3 {[%clk 01:30:32]} {[%emt
00:01:30]} Bg7 {[%clk 01:29:32]} {[%emt 00:00:09]} 7. Be3 {[%clk 01:30:11]}
{[%emt 00:00:50]} O-O {[%clk 01:29:44]} {[%emt 00:00:19]} 8. Be2 {[%clk
01:30:02]} {[%emt 00:00:39]} Bg4 {[%clk 01:29:21]} {[%emt 00:00:54]} 9. h3
{[%clk 01:29:54]} {[%emt 00:00:37]} Bf5 {[%clk 01:21:41]} {[%emt 00:08:10]} 10.
Qd2 {[%clk 01:26:08]} {[%emt 00:04:16]} Re8 {[%clk 01:19:23]} {[%emt 00:02:48]}
11. O-O {[%clk 01:25:07]} {[%emt 00:01:31]} Nc6 {[%clk 01:19:13]} {[%emt
00:00:40]} 12. Rfd1 {[%clk 01:23:20]} {[%emt 00:02:16]} Nd7 {[%clk 01:09:39]}
{[%emt 00:10:04]} 13. g4 {[%clk 01:21:41]} {[%emt 00:02:09]} Bxg4 {[%clk
01:04:16]} {[%emt 00:05:53]} 14. hxg4 {[%clk 01:19:53]} {[%emt 00:02:18]} e6
{[%clk 01:03:39]} {[%emt 00:01:08]} 15. Bh6 {[%clk 01:18:40]} {[%emt 00:01:41]}
Bh8 {[%clk 01:02:44]} {[%emt 00:01:25]} 16. d5 {[%clk 01:16:51]} {[%emt
00:02:20]} Nce5 {[%clk 01:00:34]} {[%emt 00:02:41]} 17. Ng5 {[%clk 01:14:31]}
{[%emt 00:02:48]} exd5 {[%clk 00:52:39]} {[%emt 00:08:25]} 18. Qxd5 {[%clk
01:13:19]} {[%emt 00:01:42]} c6 {[%clk 00:47:13]} {[%emt 00:05:58]} 19. Qd6
{[%clk 01:12:41]} {[%emt 00:01:05]} Qb6 {[%clk 00:39:13]} {[%emt 00:08:29]} 20.
Na4 {[%clk 01:07:12]} {[%emt 00:06:01]} Qa5 {[%clk 00:37:08]} {[%emt 00:02:37]}
21. b3 {[%clk 01:06:47]} {[%emt 00:00:54]} Rad8 {[%clk 00:33:43]} {[%emt
00:03:55]} 22. Qa3 {[%clk 01:05:54]} {[%emt 00:01:21]} b5 {[%clk 00:33:38]}
{[%emt 00:00:37]} 23. cxb5 {[%clk 01:05:35]} {[%emt 00:00:48]} cxb5 {[%clk
00:33:56]} {[%emt 00:00:12]} 24. b4 {[%clk 01:05:40]} {[%emt 00:00:25]} Qxa4
{[%clk 00:33:51]} {[%emt 00:00:35]} 25. Qxa4 {[%clk 01:05:36]} {[%emt
00:00:35]} bxa4 {[%clk 00:34:17]} {[%emt 00:00:04]} 26. f4 {[%clk 01:05:14]}
{[%emt 00:00:52]} Nc6 {[%clk 00:31:29]} {[%emt 00:03:18]} 27. Bc4 {[%clk
00:55:47]} {[%emt 00:09:56]} Bd4+ {[%clk 00:21:06]} {[%emt 00:10:46]} 28. Kf1
{[%clk 00:52:44]} {[%emt 00:03:40]} Re7 {[%emt 00:14:08]} 29. Rab1 {[%clk
00:51:00]} Nf6 {[%clk 00:07:47]} {[%emt 00:02:26]} 30. Nxf7 {[%clk 00:32:31]}
{[%emt 00:18:58]} Rxf7 {[%clk 00:07:31]} {[%emt 00:00:47]} 31. Bxf7+ {[%clk
00:32:41]} {[%emt 00:00:19]} Kxf7 {[%clk 00:07:58]} {[%emt 00:00:03]} 32. b5
{[%clk 00:32:31]} {[%emt 00:00:40]} Ne7 {[%clk 00:03:56]} {[%emt 00:04:32]} 33.
Rb4 {[%clk 00:26:04]} {[%emt 00:06:57]} Nxg4 {[%clk 00:03:01]} {[%emt
00:01:26]} 34. Rdxd4 {[%clk 00:24:59]} {[%emt 00:01:34]} Rxd4 {[%clk 00:03:17]}
{[%emt 00:00:14]} 35. Rxd4 {[%clk 00:25:21]} {[%emt 00:00:07]} Nxh6 {[%clk
00:03:42]} {[%emt 00:00:06]} 36. Rxa4 {[%clk 00:25:40]} {[%emt 00:00:12]} Nhf5
{[%clk 00:03:17]} {[%emt 00:00:55]} 37. Rxa7 {[%clk 00:24:56]} {[%emt
00:01:14]} h5 {[%clk 00:03:24]} {[%emt 00:00:23]} 38. a4 {[%clk 00:22:40]}
{[%emt 00:02:46]} Nd4 {[%clk 00:02:14]} {[%emt 00:01:39]} 39. b6 {[%clk
00:22:00]} {[%emt 00:01:10]} Kf6 {[%clk 00:02:29]} {[%emt 00:00:16]} 40. a5
{[%clk 00:20:20]} {[%emt 00:02:10]} Nec6 {[%clk 00:02:39]} {[%emt 00:00:20]}
41. b7 {[%clk 00:16:35]} {[%emt 00:04:15]} Kf5 {[%clk 00:01:01]} {[%emt
00:02:08]} 42. a6 {[%clk 00:14:02]} {[%emt 00:03:02]} Kxf4 {[%clk 00:30:21]}
{[%emt 00:01:10]} 43. Ra8 {[%clk 00:44:11]} {[%emt 00:00:21]} g5 {[%clk
00:29:24]} {[%emt 00:01:27]} 44. a7 {[%clk 00:44:25]} {[%emt 00:00:16]} Kf3
{[%clk 00:26:58]} {[%emt 00:02:56]} 45. b8=Q {[%emt 00:00:45]} g4 {[%clk
00:26:26]} {[%emt 00:01:01]} 46. Qh2 {[%clk 00:42:23]} {[%emt 00:02:15]} g3
{[%clk 00:26:16]} {[%emt 00:00:42]} 47. Qxh5+ {[%clk 00:42:45]} {[%emt
00:00:08]} Ke3 {[%clk 00:25:23]} {[%emt 00:01:24]} 48. Qg5+ {[%clk 00:42:56]}
{[%emt 00:00:16]} Kf3 {[%clk 00:25:32]} {[%emt 00:00:23]} 49. Rf8+ {[%clk
00:43:15]} {[%emt 00:00:11]} 1-0

[Event "ODJM B 2025"]
[Site "Willingen GER"]
[Date "2025.06.10"]
[Round "4"]
[White "Asmussen, Johann"]
[Black "Prigandt, Junis"]
[Result "1-0"]
[Termination "normal"]
[Board "66"]
[WhiteElo "1563"]
[BlackElo "1539"]
[WhiteClock "00:29:40"]
[BlackClock "00:01:08"]
[PlyCount "71"]
[WhiteFideId "16273486"]
[BlackFideId "34631712"]
[EventCountry "GER"]
[EventRounds "9"]
[EventType "swiss"]
[EventDate "2025.06.07"]

1. e4 {[%clk 01:30:59]} {[%emt 00:00:01]} c5 {[%clk 01:30:55]} {[%emt
00:00:06]} 2. Nf3 {[%clk 01:31:23]} {[%emt 00:00:05]} d6 {[%clk 01:31:22]}
{[%emt 00:00:04]} 3. d4 {[%clk 01:31:17]} {[%emt 00:00:35]} cxd4 {[%clk
01:31:44]} {[%emt 00:00:08]} 4. Nxd4 {[%clk 01:31:40]} {[%emt 00:00:08]} Nf6
{[%clk 01:32:07]} {[%emt 00:00:07]} 5. Nc3 {[%clk 01:32:04]} {[%emt 00:00:06]}
g6 {[%clk 01:31:57]} {[%emt 00:00:41]} 6. Be3 {[%clk 01:29:09]} {[%emt
00:03:24]} Bg7 {[%clk 01:31:59]} {[%emt 00:00:28]} 7. Be2 {[%clk 01:28:45]}
{[%emt 00:00:54]} Nc6 {[%clk 01:31:08]} {[%emt 00:01:21]} 8. h4 {[%clk
01:28:23]} {[%emt 00:00:52]} h5 {[%clk 01:30:43]} {[%emt 00:00:54]} 9. f3
{[%clk 01:22:51]} {[%emt 00:06:02]} Ne5 {[%clk 01:25:16]} {[%emt 00:05:58]} 10.
Qd2 {[%clk 01:19:18]} {[%emt 00:04:01]} Bd7 {[%clk 01:23:34]} {[%emt 00:02:14]}
11. O-O-O {[%clk 01:18:13]} {[%emt 00:01:35]} Rc8 {[%clk 01:20:46]} {[%emt
00:03:17]} 12. Nb3 {[%clk 01:12:18]} {[%emt 00:06:25]} a6 {[%clk 01:18:13]}
{[%emt 00:03:03]} 13. Kb1 {[%clk 01:07:14]} {[%emt 00:05:34]} b5 {[%clk
01:12:29]} {[%emt 00:06:14]} 14. Qe1 {[%clk 01:00:43]} {[%emt 00:07:01]} Qc7
{[%clk 01:04:38]} {[%emt 00:08:21]} 15. Rc1 {[%clk 00:59:27]} {[%emt 00:01:45]}
Nc4 {[%clk 00:57:18]} {[%emt 00:07:50]} 16. Bxc4 {[%clk 00:55:51]} {[%emt
00:04:07]} Qxc4 {[%clk 00:53:51]} {[%emt 00:03:57]} 17. a3 {[%clk 00:53:57]}
{[%emt 00:02:24]} Be6 {[%clk 00:42:02]} {[%emt 00:12:18]} 18. Qf2 {[%clk
00:50:20]} {[%emt 00:04:06]} Nd7 {[%clk 00:33:15]} {[%emt 00:09:18]} 19. Bd4
{[%clk 00:44:58]} {[%emt 00:05:51]} Ne5 {[%clk 00:25:29]} {[%emt 00:08:17]} 20.
Rhd1 {[%clk 00:43:17]} {[%emt 00:02:11]} O-O {[%clk 00:21:07]} {[%emt
00:04:52]} 21. Nd2 {[%clk 00:41:07]} {[%emt 00:02:40]} Qc7 {[%clk 00:19:34]}
{[%emt 00:02:02]} 22. Nd5 {[%clk 00:39:59]} {[%emt 00:01:39]} Bxd5 {[%clk
00:18:11]} {[%emt 00:01:53]} 23. exd5 {[%clk 00:38:55]} {[%emt 00:01:33]} Bh6
{[%clk 00:15:19]} {[%emt 00:03:22]} 24. Be3 {[%clk 00:37:37]} {[%emt 00:01:49]}
Bxe3 {[%clk 00:14:55]} {[%emt 00:00:55]} 25. Qxe3 {[%clk 00:37:58]} {[%emt
00:00:08]} Nc4 {[%clk 00:13:45]} {[%emt 00:01:40]} 26. Nxc4 {[%clk 00:35:45]}
{[%emt 00:02:44]} bxc4 {[%clk 00:14:14]} {[%emt 00:00:02]} 27. Qc3 {[%clk
00:34:09]} {[%emt 00:02:05]} Rb8 {[%clk 00:12:15]} {[%emt 00:02:30]} 28. Rd4
{[%clk 00:33:56]} {[%emt 00:00:43]} Rfc8 {[%clk 00:10:50]} {[%emt 00:01:54]}
29. Re1 {[%clk 00:33:55]} {[%emt 00:00:31]} f5 {[%clk 00:08:44]} {[%emt
00:02:37]} 30. Re6 {[%clk 00:34:13]} {[%emt 00:00:11]} Kf7 {[%clk 00:07:16]}
{[%emt 00:01:57]} 31. g4 {[%clk 00:31:48]} {[%emt 00:02:55]} hxg4 {[%clk
00:05:13]} {[%emt 00:02:33]} 32. fxg4 {[%clk 00:32:08]} {[%emt 00:00:10]} Rg8
{[%clk 00:03:05]} {[%emt 00:02:38]} 33. gxf5 {[%clk 00:30:07]} {[%emt
00:02:32]} gxf5 {[%clk 00:03:24]} {[%emt 00:00:11]} 34. Rf4 {[%clk 00:29:26]}
{[%emt 00:01:10]} Rg1+ {[%clk 00:02:28]} {[%emt 00:01:26]} 35. Ka2 {[%clk
00:29:44]} {[%emt 00:00:13]} Rxb2+ {[%clk 00:01:08]} {[%emt 00:01:51]} 36. Qxb2
{[%clk 00:29:40]} {[%emt 00:00:34]} 1-0

[Event "ODJM B 2025"]
[Site "Willingen GER"]
[Date "2025.06.10"]
[Round "4"]
[White "Jüngling, Leonard"]
[Black "Huth, Fabienne"]
[Result "1/2-1/2"]
[Termination "normal"]
[Board "67"]
[WhiteElo "1522"]
[BlackElo "1402"]
[WhiteClock "00:29:44"]
[BlackClock "00:22:21"]
[PlyCount "105"]
[WhiteFideId "34669116"]
[BlackFideId "34660739"]
[EventCountry "GER"]
[EventRounds "9"]
[EventType "swiss"]
[EventDate "2025.06.07"]

1. e4 {[%clk 01:30:58]} {[%emt 00:00:01]} e6 {[%clk 01:30:55]} {[%emt
00:00:05]} 2. d4 {[%clk 01:31:26]} {[%emt 00:00:03]} d5 {[%clk 01:31:22]}
{[%emt 00:00:03]} 3. e5 {[%clk 01:31:53]} {[%emt 00:00:03]} c5 {[%clk
01:31:46]} {[%emt 00:00:05]} 4. c3 {[%clk 01:32:20]} {[%emt 00:00:04]} Nc6
{[%clk 01:32:11]} {[%emt 00:00:04]} 5. Nf3 {[%clk 01:32:35]} {[%emt 00:00:15]}
Qb6 {[%clk 01:32:23]} {[%emt 00:00:18]} 6. a3 {[%clk 01:31:13]} {[%emt
00:01:53]} Nh6 {[%clk 01:29:44]} {[%emt 00:03:08]} 7. Bd3 {[%clk 01:30:31]}
{[%emt 00:01:12]} cxd4 {[%clk 01:28:37]} {[%emt 00:01:37]} 8. cxd4 {[%clk
01:30:18]} {[%emt 00:00:44]} Bd7 {[%clk 01:27:41]} {[%emt 00:01:25]} 9. Bc2
{[%clk 01:30:08]} {[%emt 00:00:40]} g6 {[%clk 01:19:48]} {[%emt 00:08:24]} 10.
O-O {[%clk 01:26:26]} {[%emt 00:04:12]} Nf5 {[%clk 01:16:49]} {[%emt 00:03:29]}
11. Bxf5 {[%clk 01:26:17]} {[%emt 00:00:39]} gxf5 {[%clk 01:15:59]} {[%emt
00:01:19]} 12. Nc3 {[%clk 01:23:59]} {[%emt 00:02:48]} Be7 {[%clk 01:04:58]}
{[%emt 00:11:31]} 13. b4 {[%clk 01:19:48]} {[%emt 00:04:41]} a6 {[%clk
01:03:21]} {[%emt 00:02:07]} 14. Be3 {[%clk 01:08:51]} {[%emt 00:11:27]} O-O-O
{[%clk 00:56:21]} {[%emt 00:07:31]} 15. Rb1 {[%clk 01:01:15]} {[%emt 00:08:06]}
Na7 {[%clk 00:51:01]} {[%emt 00:05:49]} 16. Qc2 {[%clk 00:59:59]} {[%emt
00:01:46]} Kb8 {[%clk 00:47:59]} {[%emt 00:03:32]} 17. Na4 {[%clk 00:50:18]}
{[%emt 00:10:11]} Qb5 {[%clk 00:42:02]} {[%emt 00:06:27]} 18. Nc5 {[%clk
00:49:24]} {[%emt 00:01:24]} Rc8 {[%clk 00:36:13]} {[%emt 00:06:19]} 19. Nxd7+
{[%clk 00:46:42]} {[%emt 00:03:12]} Qxd7 {[%clk 00:36:18]} {[%emt 00:00:25]}
20. Qb3 {[%clk 00:42:14]} {[%emt 00:04:58]} f6 {[%clk 00:31:42]} {[%emt
00:05:06]} 21. a4 {[%clk 00:35:17]} {[%emt 00:07:28]} Rc4 {[%clk 00:26:47]}
{[%emt 00:05:23]} 22. b5 {[%clk 00:33:03]} {[%emt 00:02:45]} Rb4 {[%clk
00:25:15]} {[%emt 00:02:02]} 23. Qd3 {[%clk 00:32:20]} {[%emt 00:01:13]} Rxa4
{[%clk 00:22:01]} {[%emt 00:03:44]} 24. bxa6 {[%clk 00:30:40]} {[%emt
00:02:10]} b5 {[%clk 00:19:57]} {[%emt 00:02:33]} 25. exf6 {[%clk 00:25:44]}
{[%emt 00:05:27]} Bxf6 {[%clk 00:19:17]} {[%emt 00:01:10]} 26. Ne5 {[%clk
00:25:55]} {[%emt 00:00:19]} Bxe5 {[%clk 00:18:56]} {[%emt 00:00:51]} 27. dxe5
{[%clk 00:26:18]} {[%emt 00:00:07]} d4 {[%clk 00:18:44]} {[%emt 00:00:43]} 28.
Rfd1 {[%clk 00:22:57]} {[%emt 00:03:51]} Rxa6 {[%clk 00:16:32]} {[%emt
00:02:42]} 29. Bxd4 {[%clk 00:21:55]} {[%emt 00:01:32]} Ka8 {[%clk 00:14:26]}
{[%emt 00:02:37]} 30. Bxa7 {[%clk 00:20:34]} {[%emt 00:01:51]} Qxd3 {[%clk
00:14:43]} {[%emt 00:00:13]} 31. Rxd3 {[%clk 00:20:58]} {[%emt 00:00:06]} Rxa7
{[%clk 00:14:51]} {[%emt 00:00:22]} 32. Rd6 {[%clk 00:21:03]} {[%emt 00:00:25]}
Rb8 {[%clk 00:12:06]} {[%emt 00:03:15]} 33. Kf1 {[%clk 00:18:44]} {[%emt
00:02:49]} b4 {[%clk 00:11:01]} {[%emt 00:01:35]} 34. Ke2 {[%clk 00:15:15]}
{[%emt 00:03:59]} Ra2+ {[%clk 00:11:05]} {[%emt 00:00:26]} 35. Rd2 {[%clk
00:15:29]} {[%emt 00:00:16]} b3 {[%clk 00:10:11]} {[%emt 00:01:24]} 36. Rbb2
{[%clk 00:15:35]} {[%emt 00:00:24]} Rxb2 {[%clk 00:10:02]} {[%emt 00:00:39]}
37. Rxb2 {[%clk 00:16:01]} {[%emt 00:00:05]} Rb5 {[%clk 00:09:44]} {[%emt
00:00:47]} 38. f4 {[%clk 00:16:19]} {[%emt 00:00:12]} Kb7 {[%clk 00:09:51]}
{[%emt 00:00:23]} 39. Kd3 {[%clk 00:16:42]} {[%emt 00:00:08]} Kc6 {[%clk
00:09:44]} {[%emt 00:00:37]} 40. h3 {[%clk 00:15:37]} {[%emt 00:01:34]} h5
{[%clk 00:09:15]} {[%emt 00:00:59]} 41. h4 {[%clk 00:15:10]} {[%emt 00:00:58]}
Kc5 {[%clk 00:06:08]} {[%emt 00:03:37]} 42. Kc3 {[%clk 00:07:57]} {[%emt
00:07:42]} Rb4 {[%clk 00:01:57]} {[%emt 00:04:40]} 43. g3 {[%clk 00:07:28]}
{[%emt 00:01:00]} Rc4+ {[%clk 00:26:41]} {[%emt 00:05:47]} 44. Kxb3 {[%clk
00:35:33]} {[%emt 00:02:26]} Rb4+ {[%clk 00:24:54]} {[%emt 00:02:16]} 45. Kc3
{[%clk 00:30:04]} {[%emt 00:05:58]} Rxb2 {[%clk 00:24:21]} {[%emt 00:01:04]}
46. Kxb2 {[%clk 00:30:28]} {[%emt 00:00:06]} Kd4 {[%clk 00:23:19]} {[%emt
00:01:32]} 47. Kb3 {[%clk 00:29:35]} {[%emt 00:01:23]} Ke4 {[%clk 00:22:05]}
{[%emt 00:01:43]} 48. Kc4 {[%clk 00:29:39]} {[%emt 00:00:26]} Kf3 {[%clk
00:22:08]} {[%emt 00:00:28]} 49. Kc5 {[%clk 00:29:40]} {[%emt 00:00:29]} Kxg3
{[%clk 00:22:31]} {[%emt 00:00:06]} 50. Kd6 {[%clk 00:30:06]} {[%emt 00:00:05]}
Kxf4 {[%clk 00:22:21]} {[%emt 00:00:40]} 51. Kxe6 {[%clk 00:30:28]} {[%emt
00:00:08]} Kg4 {[%clk 00:22:39]} {[%emt 00:00:12]} 52. Kd5 {[%clk 00:29:28]}
{[%emt 00:01:30]} f4 {[%clk 00:22:21]} {[%emt 00:00:49]} 53. e6 {[%clk
00:29:44]} {[%emt 00:00:13]} 1/2-1/2

[Event "ODJM B 2025"]
[Site "Willingen GER"]
[Date "2025.06.10"]
[Round "4"]
[White "Berger, Johanna"]
[Black "Kulgemeyer, Justus"]
[Result "0-1"]
[Termination "normal"]
[Board "68"]
[WhiteElo "1591"]
[BlackElo "1557"]
[WhiteClock "01:05:02"]
[BlackClock "01:19:35"]
[PlyCount "88"]
[WhiteFideId "16207025"]
[BlackFideId "34623671"]
[EventCountry "GER"]
[EventRounds "9"]
[EventType "swiss"]
[EventDate "2025.06.07"]

1. f4 {[%clk 01:30:58]} {[%emt 00:00:02]} d5 {[%clk 01:30:56]} {[%emt
00:00:05]} 2. Nf3 {[%clk 01:31:23]} {[%emt 00:00:04]} g6 {[%clk 01:31:09]}
{[%emt 00:00:17]} 3. e3 {[%clk 01:31:47]} {[%emt 00:00:05]} Bg7 {[%clk
01:31:31]} {[%emt 00:00:08]} 4. d4 {[%clk 01:31:30]} {[%emt 00:00:48]} Nf6
{[%clk 01:31:53]} {[%emt 00:00:08]} 5. Bd3 {[%clk 01:31:53]} {[%emt 00:00:07]}
Nc6 {[%clk 01:31:47]} {[%emt 00:00:36]} 6. Nbd2 {[%clk 01:32:07]} {[%emt
00:00:15]} Nb4 {[%clk 01:31:04]} {[%emt 00:01:13]} 7. Bb5+ {[%clk 01:30:33]}
{[%emt 00:02:04]} c6 {[%clk 01:31:18]} {[%emt 00:00:17]} 8. Be2 {[%clk
01:30:41]} {[%emt 00:00:21]} Bf5 {[%clk 01:31:39]} {[%emt 00:00:09]} 9. e4
{[%clk 01:29:22]} {[%emt 00:01:50]} Nxe4 {[%clk 01:30:32]} {[%emt 00:01:37]}
10. Nxe4 {[%clk 01:29:18]} {[%emt 00:00:34]} Bxe4 {[%clk 01:30:48]} {[%emt
00:00:15]} 11. Bd3 {[%clk 01:22:48]} {[%emt 00:06:59]} Nxd3+ {[%clk 01:29:54]}
{[%emt 00:01:24]} 12. cxd3 {[%clk 01:20:07]} {[%emt 00:03:11]} Bxf3 {[%clk
01:30:13]} {[%emt 00:00:11]} 13. Qxf3 {[%clk 01:19:35]} {[%emt 00:01:01]} Bxd4
{[%clk 01:30:33]} {[%emt 00:00:12]} 14. f5 {[%clk 01:17:49]} {[%emt 00:02:16]}
Qc7 {[%clk 01:28:34]} {[%emt 00:02:28]} 15. Rb1 {[%clk 01:15:19]} {[%emt
00:03:00]} Qa5+ {[%clk 01:27:23]} {[%emt 00:01:42]} 16. Bd2 {[%clk 01:13:42]}
{[%emt 00:02:07]} Qxa2 {[%clk 01:27:15]} {[%emt 00:00:38]} 17. Qd1 {[%clk
01:14:06]} {[%emt 00:00:05]} Qa6 {[%clk 01:26:39]} {[%emt 00:01:07]} 18. Qc2
{[%clk 01:12:43]} {[%emt 00:01:53]} Qb6 {[%clk 01:24:48]} {[%emt 00:02:21]} 19.
Rf1 {[%clk 01:12:38]} {[%emt 00:00:34]} Qc7 {[%clk 01:23:01]} {[%emt 00:02:18]}
20. Bf4 {[%clk 01:08:13]} {[%emt 00:04:54]} Be5 {[%clk 01:22:58]} {[%emt
00:00:33]} 21. fxg6 {[%clk 01:06:26]} {[%emt 00:02:17]} hxg6 {[%clk 01:22:48]}
{[%emt 00:00:41]} 22. g3 {[%clk 01:05:41]} {[%emt 00:01:14]} Bxf4 {[%clk
01:22:07]} {[%emt 00:01:12]} 23. Rxf4 {[%clk 01:06:01]} {[%emt 00:00:10]} Qe5+
{[%clk 01:18:36]} {[%emt 00:04:00]} 24. Kd1 {[%clk 01:05:50]} {[%emt 00:00:41]}
Qh5+ {[%clk 01:18:46]} {[%emt 00:00:21]} 25. Ke1 {[%clk 01:05:25]} {[%emt
00:00:54]} Qxh2 {[%clk 01:18:45]} {[%emt 00:00:31]} 26. Qxh2 {[%clk 01:05:48]}
{[%emt 00:00:07]} Rxh2 {[%clk 01:19:12]} {[%emt 00:00:03]} 27. Rf1 {[%clk
01:05:38]} {[%emt 00:00:39]} f5 {[%clk 01:18:50]} {[%emt 00:00:53]} 28. Kd1
{[%clk 01:05:53]} {[%emt 00:00:14]} Kf7 {[%clk 01:19:10]} {[%emt 00:00:10]} 29.
g4 {[%clk 01:06:04]} {[%emt 00:00:19]} e6 {[%clk 01:19:27]} {[%emt 00:00:14]}
30. d4 {[%clk 01:06:15]} {[%emt 00:00:18]} Rah8 {[%clk 01:19:50]} {[%emt
00:00:07]} 31. Ra1 {[%clk 01:05:24]} {[%emt 00:01:20]} a6 {[%clk 01:19:29]}
{[%emt 00:00:53]} 32. Ra3 {[%clk 01:05:38]} {[%emt 00:00:14]} Rxb2 {[%clk
01:19:23]} {[%emt 00:00:38]} 33. Kc1 {[%clk 01:05:22]} {[%emt 00:00:45]} Rhh2
{[%clk 01:19:20]} {[%emt 00:00:33]} 34. gxf5 {[%clk 01:05:29]} {[%emt
00:00:23]} gxf5 {[%clk 01:19:33]} {[%emt 00:00:18]} 35. Re3 {[%clk 01:05:50]}
{[%emt 00:00:07]} Ra2 {[%clk 01:19:14]} {[%emt 00:00:50]} 36. Kb1 {[%clk
01:05:50]} {[%emt 00:00:30]} Rhb2+ {[%clk 01:19:36]} {[%emt 00:00:08]} 37. Kc1
{[%clk 01:06:10]} {[%emt 00:00:11]} Ra1+ {[%clk 01:19:50]} {[%emt 00:00:16]}
38. Kxb2 {[%clk 01:03:11]} {[%emt 00:03:28]} Rxf1 {[%clk 01:19:35]} {[%emt
00:00:45]} 39. Rb3 {[%clk 01:03:19]} {[%emt 00:00:21]} Rf2+ {[%clk 01:18:50]}
{[%emt 00:01:16]} 40. Ka3 {[%clk 01:03:43]} {[%emt 00:00:07]} b5 {[%clk
01:18:34]} {[%emt 00:00:46]} 41. Rc3 {[%clk 01:03:53]} {[%emt 00:00:19]} Rd2
{[%clk 01:18:26]} {[%emt 00:00:38]} 42. Rxc6 {[%clk 01:04:15]} {[%emt
00:00:09]} Rxd4 {[%clk 01:18:45]} {[%emt 00:00:10]} 43. Rxa6 {[%clk 01:04:40]}
{[%emt 00:00:05]} Ra4+ {[%clk 01:19:08]} {[%emt 00:00:07]} 44. Rxa4 {[%clk
01:05:02]} {[%emt 00:00:08]} bxa4 {[%clk 01:19:35]} {[%emt 00:00:04]} 0-1

[Event "ODJM B 2025"]
[Site "Willingen GER"]
[Date "2025.06.11"]
[Round "5"]
[White "Lieb, Max"]
[Black "Aguike, Chidera"]
[Result "0-1"]
[Termination "normal"]
[Board "1"]
[WhiteElo "1743"]
[BlackElo "1838"]
[WhiteClock "00:26:38"]
[BlackClock "00:27:25"]
[PlyCount "60"]
[WhiteFideId "34630651"]
[BlackFideId "34611339"]
[EventCountry "GER"]
[EventRounds "9"]
[EventType "swiss"]
[EventDate "2025.06.07"]

1. d4 {[%clk 01:30:57]} {[%emt 00:00:02]} d5 {[%clk 01:30:41]} {[%emt
00:00:20]} 2. c4 {[%clk 01:31:21]} {[%emt 00:00:06]} e5 {[%clk 01:31:05]}
{[%emt 00:00:07]} 3. dxe5 {[%clk 01:31:44]} {[%emt 00:00:07]} d4 {[%clk
01:31:30]} {[%emt 00:00:04]} 4. Nf3 {[%clk 01:31:59]} {[%emt 00:00:15]} Nc6
{[%clk 01:31:34]} {[%emt 00:00:26]} 5. a3 {[%clk 01:32:05]} {[%emt 00:00:24]}
Bg4 {[%clk 01:30:38]} {[%emt 00:01:26]} 6. Nbd2 {[%clk 01:29:18]} {[%emt
00:03:17]} a5 {[%clk 01:29:31]} {[%emt 00:01:38]} 7. h3 {[%clk 01:27:54]}
{[%emt 00:01:53]} Bxf3 {[%clk 01:28:40]} {[%emt 00:01:21]} 8. Nxf3 {[%clk
01:28:07]} {[%emt 00:00:18]} Bc5 {[%clk 01:26:06]} {[%emt 00:03:05]} 9. g3
{[%clk 01:16:44]} {[%emt 00:11:53]} Nge7 {[%clk 01:25:15]} {[%emt 00:01:20]}
10. Bg2 {[%clk 01:16:58]} {[%emt 00:00:16]} Ng6 {[%clk 01:24:27]} {[%emt
00:01:19]} 11. O-O {[%clk 01:17:00]} {[%emt 00:00:28]} Rb8 {[%clk 01:22:54]}
{[%emt 00:02:04]} 12. Bg5 {[%clk 01:10:55]} {[%emt 00:06:34]} Qd7 {[%clk
01:21:29]} {[%emt 00:01:55]} 13. Qc2 {[%clk 01:06:42]} {[%emt 00:04:43]} Ngxe5
{[%clk 01:15:22]} {[%emt 00:06:38]} 14. Nxe5 {[%clk 01:04:41]} {[%emt
00:02:31]} Nxe5 {[%clk 01:15:43]} {[%emt 00:00:08]} 15. b4 {[%clk 00:50:27]}
{[%emt 00:14:44]} axb4 {[%clk 01:12:49]} {[%emt 00:03:25]} 16. axb4 {[%clk
00:50:50]} {[%emt 00:00:07]} Bxb4 {[%clk 01:06:25]} {[%emt 00:06:54]} 17. Bxb7
{[%clk 00:46:57]} {[%emt 00:04:23]} O-O {[%clk 01:05:24]} {[%emt 00:01:31]} 18.
Bg2 {[%clk 00:44:40]} {[%emt 00:02:47]} h6 {[%clk 01:04:43]} {[%emt 00:01:11]}
19. Bf4 {[%clk 00:44:01]} {[%emt 00:01:08]} Rfe8 {[%clk 01:04:21]} {[%emt
00:00:52]} 20. Ra6 {[%clk 00:33:32]} {[%emt 00:10:59]} Qc8 {[%clk 00:39:50]}
{[%emt 00:25:01]} 21. Rfa1 {[%clk 00:31:51]} {[%emt 00:02:11]} Bc3 {[%clk
00:39:01]} {[%emt 00:01:19]} 22. R1a2 {[%clk 00:28:57]} {[%emt 00:03:23]} Re6
{[%clk 00:32:47]} {[%emt 00:06:45]} 23. Ra8 {[%clk 00:27:20]} {[%emt 00:02:07]}
c6 {[%clk 00:31:26]} {[%emt 00:01:51]} 24. Bxe5 {[%clk 00:27:20]} {[%emt
00:00:31]} Rxa8 {[%clk 00:30:55]} {[%emt 00:01:01]} 25. Rxa8 {[%clk 00:27:04]}
{[%emt 00:00:46]} Qxa8 {[%clk 00:31:21]} {[%emt 00:00:03]} 26. Bf4 {[%clk
00:25:35]} {[%emt 00:01:58]} Qa1+ {[%clk 00:30:46]} {[%emt 00:01:06]} 27. Kh2
{[%clk 00:25:56]} {[%emt 00:00:10]} Qe1 {[%clk 00:28:50]} {[%emt 00:02:25]} 28.
Qa4 {[%clk 00:26:20]} {[%emt 00:00:05]} Qxf2 {[%clk 00:28:01]} {[%emt
00:01:19]} 29. Qa8+ {[%clk 00:26:27]} {[%emt 00:00:24]} Kh7 {[%clk 00:28:25]}
{[%emt 00:00:06]} 30. Qc8 {[%clk 00:26:38]} {[%emt 00:00:18]} Qxe2 {[%clk
00:27:25]} {[%emt 00:01:30]} 0-1